Statistics for "Good To Be Alive" lyrics - Among Us song

Click here to take the quiz!

General Stats

  • This quiz has been taken 92 times
  • The average score is 108 of 183

Answer Stats

Lyrics% Correct
A
94%
a
94%
be
94%
I
94%
go
92%
to
90%
good
88%
alive
86%
I'm
80%
So,
74%
So
74%
so
74%
It's
70%
da
68%
feel
66%
day
64%
day,
64%
What
64%
can't
62%
Can't
62%
happy
62%
sunny,
62%
funny
60%
and
58%
la-
58%
survive
58%
Don't
56%
don't
56%
in
56%
My
56%
my
56%
The
56%
the
56%
up,
56%
waking
56%
deny
54%
high,
54%
you
54%
no
52%
breathing
50%
clean
50%
kill
50%
yeah
50%
better
48%
stars,
48%
air
46%
di-
46%
late
46%
little
46%
shoot
46%
wait.
46%
your
46%
bags
44%
Galileo
44%
okay
44%
Pack
44%
than
44%
vibe
44%
dream
42%
home,
42%
like
42%
of
42%
eyes
40%
have
40%
before
38%
feelin'
38%
hype
38%
alright
36%
for
36%
it'll
36%
Nowhere
36%
Or
36%
or
36%
Suffocate
36%
firework,
34%
flies
34%
just
34%
Pompeii
34%
sing
34%
stone
34%
angels
32%
Baby,
32%
bridges
32%
cuz
32%
new
32%
on
32%
scenery
32%
unturned
32%
ring
30%
today
30%
wake.
30%
worried
30%
begun
28%
bodies
28%
burned,
28%
fakes,
28%
has
28%
life
28%
relations'
28%
ain't
26%
massacre
26%
saints
26%
absolution
24%
bells
24%
'bout
24%
chime,
24%
asphyxiate
22%
Choir
22%
lease
22%

Score Distribution

Percentile by Number Answered

Percent of People with Each Score

Your Score History

You have not taken this quiz